000
00349nam a2200133Ia 4500
003
GCL
008
140319s9999 xx 000 0 ara d
040
_a
GCL /
_c
GCL
082
0
4
_a
ط
_b
028.5
_b
م ك
245
1
0
_a
الصدف
260
_a
[S.N] :
_b
مكتبة لبنان
300
_a
31 ص
490
_a
كتب الفراشة حكايات محبوبة
_v
0
999
_c
32158
_d
32158